Puteri Umbuk Mayang

Bibliographic Details
Main Author: Mohd Azhar Su
Format: Book
Published: Kuala Lumpur : DBP , 1992
Series:Siri cerita klasik
Subjects:

MARC

LEADER 00000cam a2200000 7i4500
001 0000006458
002 000006970
005 20000330.0
020 |a 983622761X 
090 0 0 |a F   |b MOH 
100 0 |a Mohd Azhar Su 
245 1 0 |a Puteri Umbuk Mayang   |c Mohd Azhar Su 
260 |a Kuala Lumpur :   |b DBP ,   |c 1992 
300 |a 158p. ;   |c 19cm. 
490 0 |a Siri cerita klasik 
650 0 0 |a Malay fiction 
999 |a 039807   |b BUKU   |c PINJAMAN   |e PERPUSTAKAAN KOMUNITI PETALING JAYA 
999 |a 039808   |b BUKU   |c YOUTH FICTION   |e PERPUSTAKAAN KOMUNITI PETALING JAYA